10 grootste Noorse steden - Statistieken

Algemene statistieken
  • Deze quiz is 24 keer genomen
  • De gemiddelde score is 5 van 10
Antwoordstatistieken
Inwoners Antwoord % Correct
839.423 Oslo
100%
220.418 Bergen
90%
152.845 Trondheim
85%
181.280 Stavanger
60%
65.636 Kristiansand
45%
53.622 Tromsø
40%
93.006 Drammen
25%
99.227 Fredrikstad
10%
85.812 Porsgrunn
10%
46.091 Tønsberg
0%
Geen overeenkomende quizzen gevonden
Scoreverdeling
Procent van Mensen met Elke Score
Percentiel versus Aantal Correcte Antwoorden
Uw Scoregeschiedenis
U heeft deze quiz nog niet genomen